|
|
|
|
| LEADER |
01789nam a2200457 a 4500 |
| 001 |
30296 |
| 003 |
BD-DhAAL |
| 005 |
20230525144720.0 |
| 008 |
151207s1994 enk b 001 0 eng |
| 010 |
|
|
|a 92047069
|
| 020 |
|
|
|a 0521411432 (hardback)
|
| 020 |
|
|
|a 0521423074 (pbk.)
|
| 020 |
|
|
|a 9780521411431 hardback
|
| 020 |
|
|
|a 9780521423076 Paperback
|
| 040 |
|
|
|a DLC
|c DLC
|d DLC
|d BD-DhAAL
|
| 041 |
1 |
|
|a eng
|
| 043 |
|
|
|a e-it---
|
| 050 |
0 |
0 |
|a HX288
|b .G69213 1994
|
| 082 |
0 |
0 |
|a 335.43
|2 20
|
| 100 |
1 |
|
|a Gramsci, Antonio,
|d 1891-1937
|9 16674
|
| 240 |
1 |
0 |
|a Works.
|k Selections.
|l English.
|f 1994
|
| 245 |
1 |
0 |
|a Antonio Gramsci :
|b pre-prison writings /
|c edited by Richard Bellamy ; translated by Virginia Cox.
|
| 260 |
|
|
|a Cambridge [England] ;
|a New York :
|b Cambridge University Press,
|c 1994.
|
| 300 |
|
|
|a lii, 350 p. ;
|c 23 cm.
|
| 490 |
|
0 |
|a Cambridge texts in the history of political thought
|
| 500 |
|
|
|a Spine title: Gramsci.
|
| 500 |
|
|
|a Translated from the Italian.
|
| 504 |
|
|
|a Includes bibliographical references and index.
|
| 541 |
|
|
|e 30296
|
| 650 |
|
0 |
|a Communism
|z Italy.
|9 16675
|
| 650 |
|
0 |
|a Communism.
|9 16676
|
| 650 |
|
0 |
|a Fascism
|z Italy.
|9 16677
|
| 651 |
|
0 |
|a Italy
|x Politics and government
|y 1914-1945.
|9 16678
|
| 700 |
1 |
|
|a Bellamy, Richard
|q (Richard Paul)
|9 16679
|
| 700 |
1 |
|
|a Cox, Virginia.
|9 16680
|
| 740 |
0 |
|
|a Gramsci.
|
| 856 |
4 |
2 |
|3 Publisher description
|u http://www.loc.gov/catdir/description/cam025/92047069.html
|
| 856 |
4 |
1 |
|3 Table of contents
|u http://www.loc.gov/catdir/toc/cam022/92047069.html
|
| 942 |
|
|
|2 ddc
|c BK
|
| 999 |
|
|
|c 36357
|d 36357
|
| 952 |
|
|
|0 0
|1 0
|2 ddc
|4 0
|6 335_430000000000000_GRA
|7 0
|9 57175
|a BRACUL
|b BRACUL
|c GEN
|d 2015-12-07
|e Karim International
|g 2573.00
|l 4
|m 35
|o 335.43 GRA
|p 3010030296
|r 2024-12-09
|s 2024-11-03
|t 1
|w 2015-12-07
|y BK
|